000 02258nam a2200589 i 4500
001 991053142163005066
003 NyNyJPI
005 20260413194935.0
008 250429s2025 pl ho |001 0 pol c
009 b1000006114990
015 _aUWD 2025/13574
020 _a9788383762944
_q(oprawa miękka) :
_czł 45
035 _a(PL)b1000006114990
035 _a(EXLNZ-48OMNIS_NETWORK)9914656201305606
040 _aWA N
_cWA N
_dLUBL KUL
_dWA U
045 2 _bd1942
_bd1944
046 _k2025
080 _a94(438).082.4
084 _a01
100 1 _aJanczak, Bartosz
_eAutor
245 1 0 _aNa szlakach pustynnego losu :
_bArmia Polska na Wschodzie w latach 1942-1944 /
_cBartosz Janczak ; Instytut Pamięci Narodowej - Komisja Ścigania Zbrodni przeciwko Narodowi Polskiemu.
246 3 0 _aArmia Polska na Wschodzie w latach 1942-1944
260 _aWarszawa :
_bInstytut Pamięci Narodowej,
_c2025.
300 _a318, [1] strona :
_bfaksymilia, fotografie ;
_c21 cm.
336 _aTekst
_btxt
_2rdacontent
337 _aBez urządzenia pośredniczącego
_bn
_2rdamedia
338 _aWolumin
_bnc
_2rdacarrier
380 _aKsiążki
380 _aPublikacje naukowe
388 1 _a2001-
490 1 _aBiblioteczka Szlaków Nadziei
490 1 _aSzlaki Nadziei - Odyseja Wolności
504 _aBibliografia na stronach 299-303. Indeksy.
530 _aKsiążka dostępna także jako e-book.
610 2 7 _aArmia Polska na Wschodzie
_2DBN
610 2 0 _aPoland.
_bPolskie Siły Zbrojne.
_bArmia Polska na Wschodzie.
610 2 0 _aPoland.
_bPolskie Siły Zbrojne.
_bPolskie Siły Zbrojne w ZSRR
610 2 0 _aPoland.
_bPolskie Siły Zbrojne.
_bWojsko Polskie na Środkowym Wschodzie.
610 2 0 _aPoland.
_bPolskie Siły Zbrojne.
_bPolski Korpus, 2
648 7 _a1901-2000
_2DBN
648 7 _a1939-1945
_2DBN
650 7 _aII wojna światowa (1939-1945)
_2DBN
650 7 _aPolacy za granicą
_2DBN
651 7 _aBliski Wschód
_2DBN
655 7 _aOpracowanie
_2DBN
658 _aBezpieczeństwo i wojskowość
658 _aHistoria
710 2 _aInstytut Pamięci Narodowej
_eInstytucja sprawcza
_eWydawca
_4pbl
830 0 _aBiblioteczka Szlaków Nadziei
830 0 _aSzlaki Nadziei - Odyseja Wolności
942 _2z
_cBK
_n0
999 _c91111
_d91111